| 000 -CABECERA |
| Campo de control de longitud fija |
00541nam a22001697a 4500 |
| 005 - FECHA Y HORA DE LA ÚLTIMA TRANSACCIÓN |
| Campo de control |
20231123152919.0 |
| 008 - CAMPO FIJO DE DESCRIPCIÓN FIJA--INFORMACIÓN GENERAL |
| Campo de control de longitud fija |
231123b ||||| |||| 00| 0 eng d |
| 020 ## - ISBN (INTERNATIONAL STANDARD BOOK NUMBER) |
| ISBN |
9788419392978 |
| 040 ## - FUENTE DE CATALOGACIÓN |
| Agencia de catalogación original |
CDMR |
| 100 1# - ENCABEZAMIENTO PRINCIPAL--NOMBRE PERSONAL |
| 9 (RLIN) |
3255 |
| Nombre de persona |
Nafría, Ismael |
| Fechas asociadas con el nombre |
1968- |
| 245 ## - MENCIÓN DE TÍTULO |
| Título |
Clarín, actualizado |
| Parte restante del título |
: el relato de la transformación digital del diario Clarín |
| Mención de responsabilidad, etc. |
/ Ismael Nafría |
| 260 ## - PUBLICACIÓN, DISTRIBUCIÓN, ETC (PIE DE IMPRENTA) |
| Lugar de publicación, distribución, etc. |
Barcelona |
| Nombre del editor, distribuidor, etc. |
: Galaxia Gutenberg |
| Fecha de publicación, distribución, etc. |
, 2023 |
| 300 ## - DESCRIPCIÓN FÍSICA |
| Extensión |
533 p. |
| 610 #0 - ASIENTO SECUNDARIO DE MATERIA--NOMBRE CORPORATIVO |
| 9 (RLIN) |
4911 |
| Nombre corporativo o nombre de la jurisdicción como elemento de entrada |
Clarín (Diari) |
| 650 #0 - ASIENTO SECUNDARIO DE MATERIA--TÉRMINO DE MATERIA |
| 9 (RLIN) |
3188 |
| Nombre de materia o nombre geográfico como elemento de entrada |
Premsa digital |
| Subdivisión geográfica |
Argentina |
| 942 ## - ELEMENTOS KOHA |
| Fuente de clasificación o esquema de ordenación en estanterías |
|
| Koha tipo de item |
Monografies |